[Event "Dreifluesse op 7th"]
[Site "Passau"]
[Date "1999.04.03"]
[Round "4"]
[White "Stadler, Simon"]
[Black "Petermann, Hubert"]
[Result "0-1"]
[WhiteElo "1744"]
[BlackElo "2140"]

1.e4 c5 2.c3 Nf6 3.e5 Nd5 4.d4 cxd4 5.cxd4 d6 6.Nf3 Nc6 7.Bc4 e6 8.O-O Be7
9.Bd2 O-O 10.Nc3 dxe5 11.dxe5 b6 12.Qe2 Bb7 13.Rad1 Rc8 14.a3 Nxc3 15.Bxc3 Qc7
16.Bd3 Rfd8 17.Qe4 g6 18.Qf4 Bf8 19.Ng5 Bg7 20.Rfe1 Na5 21.b4 h6 22.Nxe6 fxe6
23.Qg4 Qxc3 24.Qxe6+ Kh8 25.Qxg6 Rxd3 26.Qxd3 Nb3 27.Qxc3 Rxc3 28.e6 Rc8
29.e7 Re8 30.Rd8 Bc6 31.Rxe8+ Bxe8 32.Rd1 Kg8 33.Rd8 Kf7 34.Ra8 a5 35.Rb8 axb4
36.axb4 b5 37.Rb7 Bf6 38.Kf1 Bxe7 39.Ke1 Ke6 40.Rb6+ Bd6 41.f4 Kd5 42.f5 Bxb4+
43.Kd1 Bd6 44.f6 Nd4 45.g4 Bxh2 46.Rb7 Bc6 47.f7 Bd6 48.Rb8 Ne6 49.Rh8 Bf8
50.Kc2 b4 51.Kb3 Kc5 52.Rg8 Bd5+ 53.Ka4 Kc4 54.Rg6 b3 55.Rf6  0-1

[Event "Dreifluesse op 7th"]
[Site "Passau"]
[Date "1999.04.03"]
[Round "4"]
[White "Wengler, Joerg"]
[Black "Schenk, Uwe"]
[Result "1/2-1/2"]
[WhiteElo "1998"]
[BlackElo "2169"]

1.e4 c5 2.c3 Nf6 3.e5 Nd5 4.d4 cxd4 5.Nf3 e6 6.cxd4 b6 7.Bc4 Ba6 8.Bxa6 Bb4+
9.Bd2 Bxd2+ 10.Nbxd2 Nxa6 11.Ne4 O-O 12.O-O f6 13.Rc1 Nab4 14.a3 Nc6 15.exf6 gxf6
16.Nc3 Nce7 17.Qd2 Kh8 18.Kh1 Rg8 19.Ng1 Qe8 20.Nxd5 Nxd5 21.Ne2 Qh5 22.Qd3 Rg4
23.Qf3 Rag8 24.Rg1 Qh6 25.g3 f5 26.Nf4 Nxf4 27.gxf4 Qxf4 28.Qxf4 Rxf4 29.Rxg8+ Kxg8
30.Rc7 Rxd4 31.Rxa7 Rd2 32.Kg2 e5 33.Rb7 e4 34.Kg3 Rxb2 35.Rxd7 Rb3+ 36.Kf4 Rxa3
37.Kxf5 Rf3+ 38.Kxe4 Rxf2 39.Rb7 Rf6 40.Ke5 Rg6 41.Kf5 Rc6 42.h4 h6 43.h5 Kf8
44.Ra7 Ke8 45.Rg7 Rd6 46.Ke5 Rc6 47.Kf5  1/2-1/2

[Event "EST-chT"]
[Site "Tallinn"]
[Date "1999.04.04"]
[Round "5"]
[White "Jemeljanov, Anatoli"]
[Black "Narva, Jaan"]
[Result "1/2-1/2"]
[WhiteElo "2165"]
[BlackElo "2320"]

1.e4 c5 2.c3 Nf6 3.e5 Nd5 4.d4 cxd4 5.Nf3 e6 6.cxd4 b6 7.Be2 Ba6 8.O-O Be7
9.Nbd2 Qc8 10.Ne4 Bxe2 11.Qxe2 Qa6 12.Qxa6 Nxa6 13.Bd2 O-O-O 14.Rfc1+ Kb7
15.a3 f6 16.Rc2 Rc8 17.Rac1 Rxc2 18.Rxc2 Rf8 19.Kf1 Nb8 20.exf6 gxf6 21.Ke2 Nc6
22.Nc3 Nxc3+ 23.Bxc3 Bd6 24.d5 exd5 25.Rd2 Ne7 26.Rd4 Be5 27.Rd3 Bxc3 28.Rxc3 Rc8
29.Rxc8 Nxc8 30.g4 Nd6 31.b3 Kc7 32.Ke3 Ne4 33.Nd4 a6 34.f3 Nc5 35.h4 a5
36.f4 Kd6 37.h5 Ne4 38.Nf3 Ke7 39.Nd4 Nd6 40.a4 Kf7 41.Ne2 Ke6 42.Nd4+ Kf7
43.Ne2  1/2-1/2

[Event "DEN-chB"]
[Site "Aarhus"]
[Date "1999.04.05"]
[Round "7"]
[White "Pedersen, Daniel Vesterbaek"]
[Black "Aagaard, Jacob"]
[Result "1/2-1/2"]
[WhiteElo "2299"]
[BlackElo "2399"]

1.e4 c5 2.c3 Nf6 3.e5 Nd5 4.d4 cxd4 5.Nf3 Nc6 6.Bc4 Nb6 7.Bb3 g6 8.Ng5 d5
9.exd6 e6 10.Qf3 Ne5 11.Qg3 Bg7 12.O-O O-O 13.cxd4 Nc6 14.Rd1 h6 15.Nf3 Na5
16.Bc2 Bd7 17.Ne5 Rc8 18.Be4 Bc6 19.Nxc6 Nxc6 20.Nc3 Nxd4 21.Kh1 Nc4 22.Bxb7 Rb8
23.Be4 Nxd6 24.Bf4 Nxe4 25.Nxe4 Rxb2 26.Be5 Nf5 27.Qc3 Bxe5 28.Qxe5 Qb8 29.Nf6+ Kh8
30.Qc3 Rc8 31.Rd8+ Rxd8 32.Nd7+ Kg8 33.Nxb8 Rdxb8 34.Qe1 Rd8 35.a4 Rdd2 36.Kg1 Re2
37.Qf1 Nd4 38.h3 Rbc2 39.Rc1 Ra2 40.Rd1 e5 41.Re1 Rec2 42.Rxe5 Ne2+ 43.Kh2 Rc1  1/2-1/2

[Event "Mitropa Cup"]
[Site "Baden"]
[Date "1999.04.05"]
[Round "5"]
[White "Pavasovic, Dusko"]
[Black "Gallagher, Joseph G"]
[Result "1/2-1/2"]
[WhiteElo "2502"]
[BlackElo "2519"]

1.e4 c5 2.c3 Nf6 3.e5 Nd5 4.Nf3 Nc6 5.d4 cxd4 6.cxd4 d6 7.Bc4 e6 8.O-O Be7
9.Qe2 O-O 10.Re1 Na5 11.Bd3 Nb4 12.exd6 Qxd6 13.Be4 f5 14.Bd3 Nxd3 15.Qxd3 Nc6
16.Nc3 a6 17.a3 Bf6 18.Bg5 Bxg5 19.Nxg5 Qxd4 20.Qh3 h6 21.Nxe6 Bxe6 22.Rxe6 Rad8
23.Rae1 Qd2 24.R6e2 Qf4 25.Qg3  1/2-1/2

[Event "Dreifluesse op 7th"]
[Site "Passau"]
[Date "1999.04.05"]
[Round "7"]
[White "Scheidt, Karl Heinz"]
[Black "Rabe, Thomas"]
[Result "1-0"]
[WhiteElo "2158"]
[BlackElo "1890"]

1.e4 c5 2.c3 Nf6 3.e5 Nd5 4.d4 cxd4 5.Nf3 Nc6 6.Bc4 Nb6 7.Bb3 d5 8.exd6 Qxd6
9.Na3 a6 10.O-O e6 11.cxd4 Be7 12.Qd3 Nd5 13.Nc4 Qd8 14.a3 O-O 15.Nce5 Re8
16.Nxc6 bxc6 17.Ne5 Bb7 18.Qh3 Bf8 19.Bc2 g6 20.Nxf7 Kxf7 21.Qxh7+ Bg7 22.Bxg6+ Kf8
23.Bh6 Re7 24.Qh8+  1-0

[Event "Dreifluesse op 7th"]
[Site "Passau"]
[Date "1999.04.05"]
[Round "7"]
[White "Wengler, Joerg"]
[Black "Taggatz, Mario"]
[Result "1/2-1/2"]
[WhiteElo "1998"]
[BlackElo "2222"]

1.e4 c5 2.c3 Nf6 3.e5 Nd5 4.d4 cxd4 5.Nf3 Nc6 6.Bc4 Nb6 7.Bb3 g6 8.O-O Bg7
9.Bf4 O-O 10.Re1 d6 11.exd6 exd6 12.Bg5 Bf6 13.Bxf6 Qxf6 14.Nxd4 Nxd4 15.Qxd4 Qxd4
16.cxd4  1/2-1/2

[Event "IND-ch"]
[Site "Nagpur"]
[Date "1999.04.07"]
[Round "16"]
[White "Shankar, Roy"]
[Black "Bakre, Tejas"]
[Result "1-0"]
[WhiteElo "2394"]
[BlackElo "2333"]

1.e4 c5 2.c3 Nf6 3.e5 Nd5 4.d4 cxd4 5.Qxd4 e6 6.Nf3 Nc6 7.Qe4 f5 8.Qe2 Be7
9.g3 O-O 10.Bg2 d6 11.exd6 Qxd6 12.O-O Bf6 13.Na3 Nb6 14.Nc4 Nxc4 15.Qxc4 Kh8
16.Be3 Re8 17.Rad1 Qe7 18.Bc5 Qc7 19.Rfe1 e5 20.Bd6 Qb6 21.Nxe5 Nxe5 22.Bxe5 Bxe5
23.Qd4 Qxb2 24.Rxe5 Be6 25.Rde1 Bf7 26.Rxe8+ Rxe8 27.Rxe8+ Bxe8 28.Bd5 h6
29.Qxa7 Qxc3 30.Qxb7 Kh7 31.Kg2 Qd4 32.Qa8 Qd1 33.Be6  1-0

[Event "Hampstead IM-A 5th"]
[Site "London"]
[Date "1999.04.08"]
[Round "2"]
[White "Cooper, Lawrence"]
[Black "Bekker Jensen, David"]
[Result "1-0"]
[WhiteElo "2325"]
[BlackElo "2263"]

1.e4 c5 2.c3 Nf6 3.e5 Nd5 4.g3 d6 5.exd6 e6 6.Bg2 Bxd6 7.Nf3 O-O 8.O-O Nc6
9.d4 cxd4 10.Nxd4 Nxd4 11.Qxd4 Qc7 12.Nd2 Ne7 13.Nc4 Nf5 14.Qe4 e5 15.Nxd6 Qxd6
16.Re1 Re8 17.Be3 Nxe3 18.Qxe3 Qc7 19.Rad1 Bd7 20.Rd5 f6 21.Qc5 Qxc5 22.Rxc5 Rac8
23.Ra5 Bc6 24.Bxc6 Rxc6 25.Rxa7 Rb6 26.b3 Rd8 27.Re2 Kf7 28.c4 Rd7 29.c5 Rb5
30.c6 Rc7 31.Rxb7 Rcxb7 32.cxb7 Ke6 33.Rc2 Rxb7 34.Kf1 f5 35.Ke2 g5 36.Ke3 h5
37.Rc3 Rb4 38.Rc4 Rb6 39.Kd3 Kd5 40.Kc3 h4 41.a4 hxg3 42.hxg3 Ra6 43.Kb4 Rb6+
44.Ka3 Ra6 45.Rc1 Re6 46.b4 e4 47.Rc5+ Kd6 48.Rxf5 e3 49.fxe3 Rxe3+ 50.Kb2 Rxg3
51.a5 Kc7 52.b5 Rg4 53.Kb3 Rg1 54.Rf7+ Kd6 55.Rf6+ Kc7 56.Rc6+ Kb7 57.a6+ Ka7
58.Rc7+ Kb6 59.Rb7+ Ka5 60.a7  1-0

[Event "Hampstead IM-B 5th"]
[Site "London"]
[Date "1999.04.08"]
[Round "2"]
[White "Barlow, Bertrand"]
[Black "Mork, Kjell Arne"]
[Result "1/2-1/2"]
[WhiteElo "2110"]
[BlackElo "2336"]

1.e4 c5 2.c3 Nf6 3.e5 Nd5 4.Nf3 Nc6 5.Bc4 Nb6 6.Bb3 d5 7.exd6 Qxd6 8.O-O Bf5
9.d4 cxd4 10.cxd4 Bxb1 11.Rxb1 Rd8 12.Be3 e6 13.Qe2 Be7 14.Rbd1 O-O 15.a3 Bf6
16.Bc2 Qd5 17.Qd3 Qh5 18.Qe4 Nd5 19.g4 Qg6 20.Qxg6 hxg6 21.h4 Be7 22.Kg2 Rc8
23.Bb1 Rfd8 24.Rh1 Bd6 25.h5 gxh5 26.Rxh5 g6 27.Rh4 Bf4 28.Re1 Kg7 29.Be4 Nce7
30.Bxf4 Nxf4+ 31.Kg3 Ned5 32.Bxd5 Nxd5 33.g5 Rh8 34.Rxh8 Kxh8 35.Re2 Kg7
36.Rd2 Rc1 37.Rd3 Kf8 38.Rb3 b6 39.Rd3 Ke7 40.Rd2 b5 41.Kg2 a5 42.Ng1 Kd6
43.Ne2 Re1 44.Kf3 b4 45.axb4 axb4 46.Ng3 Rc1 47.Ne2 Rc4 48.Ng3 Ne7 49.Ne4+ Kc6
50.b3 Rc1 51.Ke2 Nf5 52.Kd3 Nd6 53.Nxd6 Rc3+  1/2-1/2

[Event "ISR-chT"]
[Site "Israel"]
[Date "1999.04.09"]
[Round "7"]
[White "Har Zvi, Ronen"]
[Black "Stisis, Yaacov"]
[Result "1/2-1/2"]
[WhiteElo "2503"]
[BlackElo "2374"]

1.e4 c5 2.c3 Nf6 3.e5 Nd5 4.d4 cxd4 5.Nf3 Nc6 6.Bc4 Nb6 7.Bb3 d5 8.exd6 e6
9.cxd4 Bxd6 10.Nc3 Nd5 11.O-O O-O 12.Re1 b6 13.Nxd5 exd5 14.Bg5 Be7 15.Ba4 Bxg5
16.Bxc6 Rb8 17.Nxg5 Qxg5 18.Re5 Qg6 19.Bxd5 Bb7 20.Bxb7 Rxb7 21.d5 Rd7 22.Qd4 Rfd8
23.Rd1 f6 24.Ree1  1/2-1/2

[Event "Budapest FS04 IM-B"]
[Site "Budapest"]
[Date "1999.04.11"]
[Round "9"]
[White "Jamrich, Gyorgy"]
[Black "Pham Minh Hoang"]
[Result "1-0"]
[WhiteElo "2273"]
[BlackElo "2357"]

1.e4 c5 2.c3 Nf6 3.e5 Nd5 4.d4 cxd4 5.Nf3 Nc6 6.Bc4 Nb6 7.Bb3 d5 8.exd6 Qxd6
9.O-O Be6 10.Na3 a6 11.Bxe6 Qxe6 12.Nxd4 Nxd4 13.Qxd4 Rd8 14.Qh4 Qc6 15.Nc2 e6
16.Nd4 Qd5 17.Qg3 h5 18.h4 Nc4 19.Re1 Bd6 20.Qxg7 Be5 21.Qg5 Bxd4 22.cxd4 Qxd4
23.Bf4 Rd5 24.Qg3 Qxb2 25.Rab1 Qa3 26.Rxe6+ Kf8 27.Rb3 Qxa2 28.Rxb7 Qa1+
29.Kh2 fxe6 30.Bh6+ Ke8 31.Bg7 Qa3 32.Qg6+ Kd8 33.Bxh8 Qd6+ 34.g3 Kc8 35.Rf7 Rd2
36.Bc3 Ra2 37.Bb4 Qb6 38.Bc5 Ne5 39.Rf8+ Kb7 40.Qe4+ Qc6 41.Qxe5  1-0

[Event "Budapest FS04 GM"]
[Site "Budapest"]
[Date "1999.04.13"]
[Round "11"]
[White "Balinov, Ilija"]
[Black "Nguyen Anh Dung"]
[Result "0-1"]
[WhiteElo "2434"]
[BlackElo "2485"]

1.e4 c5 2.c3 Nf6 3.e5 Nd5 4.Nf3 Nc6 5.Bc4 Nb6 6.Bb3 g6 7.d4 cxd4 8.cxd4 Bg7
9.d5 Nxe5 10.Nxe5 Bxe5 11.Bh6 d6 12.Nc3 e6 13.Qd2 exd5 14.O-O d4 15.Nb5 Be6
16.f4 Bf6 17.Rae1 d5 18.f5 gxf5 19.Rxf5 Rc8 20.Qf4 Be7 21.Rxf7 Rc6 22.Rxe7+ Qxe7
23.Nxd4 Kd7 24.Qe5 Rhc8 25.Bd1 Nc4 26.Nxc6 Rxc6 27.Qc3 Qc5+ 28.Kh1 Qf2 29.Qg7+ Kc8
30.Qh8+ Kc7 31.Qxh7+ Kb6 32.Rg1 Bf5 33.Qh8 Be4 34.Bg7 Ka6 35.Bd4 Qd2 36.Bf3 Bxf3
37.gxf3 Rh6 38.Qb8  0-1

[Event "Budapest FS04 IM-B"]
[Site "Budapest"]
[Date "1999.04.13"]
[Round "11"]
[White "Jamrich, Gyorgy"]
[Black "Leskiewicz, Maksymilian"]
[Result "0-1"]
[WhiteElo "2273"]
[BlackElo "2223"]

1.e4 c5 2.c3 Nf6 3.e5 Nd5 4.d4 cxd4 5.Nf3 e6 6.cxd4 b6 7.a3 Bb7 8.Bd3 Be7
9.O-O f5 10.exf6 Nxf6 11.Nc3 O-O 12.Bg5 Qe8 13.Ne5 Nc6 14.Bb1 Bd6 15.Bxf6 gxf6
16.Qd3 f5 17.f4 Nxd4 18.Nc4 Bc5 19.b4 Qg6 20.Qh3 Ne2+ 21.Kh1 Bd4 22.Nxe2 Bxa1
23.Nd6 Bd5 24.Rd1 Qg4 25.Bxf5 exf5 26.Qxg4+ fxg4 27.Rxd5 Rf6 28.Kg1 Bb2 29.Rd3 Bxa3
30.Ne4 Re6 31.Rd4 a5 32.bxa5 Bc5 33.Nxc5 bxc5 34.Rd2 Rxa5 35.Kf2 d5 36.Kg3 d4
37.Kxg4 Ra1 38.h4 Re1 39.Ng3 R6e3 40.h5 d3 41.h6 c4 42.Ra2 c3 43.Nf5 d2 44.Ra8+ Re8  0-1

[Event "Oceanic zt"]
[Site "Gold Coast"]
[Date "1999.04.16"]
[Round "4"]
[White "Smerdon, David"]
[Black "Feldman, Vladimir"]
[Result "1/2-1/2"]
[WhiteElo "2173"]
[BlackElo "2330"]

1.e4 c5 2.c3 Nf6 3.e5 Nd5 4.d4 cxd4 5.Nf3 e6 6.cxd4 d6 7.a3 Nc6 8.Bd3 dxe5
9.dxe5 Be7 10.O-O g5 11.Re1 h6 12.b4 g4 13.b5 gxf3 14.bxc6 fxg2 15.Bb5 Kf8
16.Qh5 Bg5 17.Bxg5 Qxg5 18.Qxg5 hxg5 19.Nd2 Rb8 20.Ne4 Ke7 21.Rab1 g4 22.Be2 b6
23.Rbc1 Nf4 24.c7 Ra8 25.Bb5 Bb7 26.Bc6 Bxc6 27.Rxc6 Nd3 28.Rd1 Nxe5 29.Rc3 f5
30.Nd6 Nf3+ 31.Kxg2 Rxh2+ 32.Kf1 Rh1+ 33.Ke2 Rxd1 34.c8=N+ Kd7 35.Kxd1 Rb8
36.a4 a6 37.Kc2 b5 38.axb5 axb5 39.Kb3 b4 40.Rc1 Nd4+ 41.Kb2 Ne2 42.Rc4 Nc3
43.Rd4 Rxc8 44.Nxf5+ Nd5 45.Ne3 Kd6 46.Rxg4 Rf8 47.Nxd5 Rxf2+ 48.Kc1 exd5
49.Rxb4 Kc5 50.Rh4 d4 51.Kd1 Kc4 52.Rh3 Rg2 53.Rf3 d3 54.Rf8  1/2-1/2

[Event "BL2-N9899"]
[Site "Germany"]
[Date "1999.04.18"]
[Round "9.1"]
[White "Rabiega, Robert"]
[Black "Lagunow, Alexander"]
[Result "1-0"]
[WhiteElo "2525"]
[BlackElo "2440"]

1.e4 c5 2.c3 Nf6 3.e5 Nd5 4.Nf3 Nc6 5.d4 cxd4 6.Bc4 Nb6 7.Bb3 d5 8.exd6 Qxd6
9.O-O Be6 10.Na3 dxc3 11.Qe2 Bxb3 12.Nb5 Qb8 13.axb3 e5 14.Nfd4 Nxd4 15.Nxd4 g6
16.bxc3 Be7 17.Qb5+ Nd7 18.Re1 Qc7 19.Bh6 Bf8 20.Bf4 Bd6 21.Qd3 Nc5 22.Qc4 Ne6
23.Qxc7 Bxc7 24.Bxe5 Bxe5 25.Rxe5 O-O 26.Nxe6 fxe6 27.Rxe6 Rad8 28.Kf1 a6
29.Ke2 Rf7 30.c4 Rfd7 31.Ra2 Kf7 32.Re3 Rd4 33.Ra3 Rd2+ 34.Kf3 Rb2 35.Kg3 Rdd2
36.Rf3+ Kg7 37.Re3 Rd7 38.h4 b6 39.h5 gxh5 40.Re5 Rd6 41.Rg5+ Rg6 42.Kh4 a5
43.g4 a4 44.bxa4 Rb4 45.Rd3 Rxc4 46.Rd7+ Kf6 47.Rd6+ Kg7 48.Rxb6 Rxg5 49.Kxg5 h6+
50.Kf5 Rxa4 51.Rb7+ Kg8 52.f4 Kf8 53.Rb6 Kg7 54.Rg6+ Kh7 55.Re6 Kg7 56.Rg6+ Kh7
57.Rd6 Kg7 58.Rd7+ Kg8 59.Ke5 Rb4 60.Rh7 Rb2 61.Kf6 Rb6+ 62.Kf5 Rg6 63.Rd7 Rb6
64.Ke5  1-0

[Event "St Quentin op"]
[Site "St Quentin"]
[Date "1999.04.23"]
[Round "7"]
[White "Calistri, Tristan"]
[Black "Licayan, Albert"]
[Result "1-0"]
[WhiteElo "2246"]
[BlackElo "2130"]

1.e4 c5 2.c3 Nf6 3.e5 Nd5 4.d4 cxd4 5.Nf3 e6 6.cxd4 b6 7.Nc3 Nxc3 8.bxc3 Bb7
9.Bd3 Qc7 10.Bd2 h6 11.O-O Nc6 12.c4 Nb4 13.Be2 Nc6 14.Qa4 Be7 15.Rfe1 O-O
16.d5 Nxe5 17.Nxe5 Qxe5 18.Qxd7 Bd6 19.g3 Bc8 20.Qc6 Qb2 21.Rad1 exd5 22.Qxa8 dxc4
23.Qd5 Bc5 24.Bxc4 Bg4 25.Rc1 Be6 26.Qd3 Bh3 27.Be3 Bb4 28.Bd4 Qa3 29.Qg6  1-0

[Event "St Quentin op"]
[Site "St Quentin"]
[Date "1999.04.25"]
[Round "9"]
[White "Calistri, Tristan"]
[Black "Krivokapic, Ratko"]
[Result "0-1"]
[WhiteElo "2246"]
[BlackElo "2216"]

1.e4 c5 2.c3 Nf6 3.e5 Nd5 4.d4 cxd4 5.Nf3 e6 6.cxd4 d6 7.Nc3 Nxc3 8.bxc3 Qc7
9.Bd2 Nd7 10.Bd3 dxe5 11.O-O g6 12.h4 Bg7 13.h5 O-O 14.Re1 b6 15.hxg6 hxg6
16.Nxe5 Nxe5 17.Bf4 Qxc3 18.Be4 Nd3 19.Qf3 Qxd4 20.Red1 Qxf2+ 21.Qxf2 Nxf2
22.Kxf2 Ba6 23.Bxa8 Bxa1 24.Rxa1 Rxa8 25.g4 f6 26.Rd1 e5 27.Bg3 Kf7 28.g5 Bc4
29.Rd6 Be6 30.a4 Ke7 31.Rc6 Rc8 32.gxf6+ Kxf6 33.Bh4+ Kf5 34.Rd6 Rc4  0-1

[Event "Kastav"]
[Site "Kastav"]
[Date "1999.04.26"]
[Round "3"]
[White "Nurkic, Sahbaz"]
[Black "Drei, Andrea"]
[Result "1-0"]
[WhiteElo "2440"]
[BlackElo "2349"]

1.e4 c5 2.c3 Nf6 3.e5 Nd5 4.d4 cxd4 5.Nf3 e6 6.cxd4 b6 7.Nc3 Nxc3 8.bxc3 Qc7
9.Bd2 d6 10.Bd3 Nd7 11.O-O Bb7 12.Ng5 Be7 13.Qh5 g6 14.Qh3 dxe5 15.Rae1 Rc8
16.dxe5 Nc5 17.Bb5+ Bc6 18.Bxc6+ Qxc6 19.Nf3 Ne4 20.Bh6 Rg8 21.c4 Qxc4 22.Rc1 Qa6
23.Qg4 Nc5 24.Bg5 h5 25.Qf4 Qb7 26.Rfd1 Rd8 27.Rxd8+ Bxd8 28.Rd1 Be7 29.h4 Qe4
30.Qd2 Qd5 31.Qe2 Qc6 32.Nd4 Qb7 33.Nb5 Nd7 34.Qd3 Qc6 35.Nxa7 Qd5 36.Qc2 Qb7
37.Nc8 Bc5 38.Nd6+ Bxd6 39.Rxd6 f6 40.Bxf6 Kf7 41.Qc1 Re8 42.Qf4 Kg8 43.Qh6 Nxf6
44.Qxg6+ Qg7 45.Qxg7+ Kxg7 46.exf6+ Kxf6 47.Rxb6 Ra8 48.Rb2 Kf5 49.g3 e5
50.Kg2 Ra5 51.Rb6 Rxa2 52.Rh6 Ke4 53.Rxh5 Kd4 54.Rh8 e4 55.Re8  1-0

[Event "Kastav"]
[Site "Kastav"]
[Date "1999.04.28"]
[Round "7"]
[White "Nurkic, Sahbaz"]
[Black "Jelen, Igor"]
[Result "0-1"]
[WhiteElo "2440"]
[BlackElo "2389"]

1.e4 c5 2.c3 Nf6 3.e5 Nd5 4.d4 cxd4 5.Nf3 Nc6 6.Bc4 Nb6 7.Bb3 d6 8.exd6 Qxd6
9.O-O Be6 10.Bxe6 Qxe6 11.cxd4 Rd8 12.Nc3 Qc4 13.Be3 e6 14.Rc1 Be7 15.b3 Qa6
16.a4 Nd5 17.Nb5 O-O 18.Bg5 h6 19.Bxe7 Ndxe7 20.Re1 Qb6 21.Re4 Nf5 22.g4 a6
23.gxf5 exf5 24.Rf4 axb5 25.d5 Ne7 26.Rd4 Rd6 27.a5 Qxa5 28.b4 Qa4 29.Qe2 Nxd5
30.Qe5 Rg6+ 31.Kh1 Qa3  0-1

[Event "Bois Colombes"]
[Site "Bois Colombes"]
[Date "1999.04.30"]
[Round "7"]
[White "Grimberg, Gilbert"]
[Black "Krivokapic, Ratko"]
[Result "1-0"]
[WhiteElo "2261"]
[BlackElo "2216"]

1.e4 c5 2.c3 Nf6 3.d3 Nc6 4.f4 d6 5.Nf3 e5 6.Na3 Be7 7.Be2 Bg4 8.fxe5 dxe5
9.Nc4 Qc7 10.a4 Rd8 11.Qc2 Nh5 12.Ne3 Be6 13.g3 O-O 14.O-O g6 15.Ne1 Ng7
16.Bf3 f5 17.Nd5 Qd6 18.Ng2 c4 19.dxc4 fxe4 20.Qxe4 Bf5 21.Nxe7+ Qxe7 22.Qh4 Qc7
23.Bd5+ Kh8 24.Be3 Bd3 25.Rxf8+ Rxf8 26.Qh6 Rf5 27.g4 Rf8 28.Nh4 Ne7 29.h3 Bxc4
30.Bxc4 Qxc4 31.Bf2 Kg8 32.Qe3 Nc6 33.Nf3 e4 34.Nd2 Qf7 35.Nxe4 Ne5 36.Ng5 Qe7
37.Re1 Qxg5 38.Qxe5 Qd2 39.Bd4 Rf7 40.Qb8+ Rf8 41.Qe5 Rf7 42.Rf1 Rxf1+ 43.Kxf1  1-0

[Event "Kastav"]
[Site "Kastav"]
[Date "1999.04.30"]
[Round "9"]
[White "Nurkic, Sahbaz"]
[Black "Tratar, Marko"]
[Result "1/2-1/2"]
[WhiteElo "2440"]
[BlackElo "2450"]

1.e4 c5 2.c3 Nf6 3.e5 Nd5 4.d4 cxd4 5.Nf3 Nc6 6.Bc4 Nb6 7.Bb3 d6 8.exd6 Qxd6
9.O-O Be6 10.Bxe6 Qxe6 11.Nxd4 Nxd4 12.Qxd4 Rd8 13.Qe3 Qc6 14.Qe2 e6 15.Be3 Be7
16.Nd2 O-O 17.Bxb6 Qxb6 18.Nc4 Qa6 19.Rfe1 Rc8 20.Ne3 Qxe2 21.Rxe2 Rfd8 22.Kf1 Kf8
23.Ke1 h5 24.Rd1 Rxd1+ 25.Kxd1 g6 26.Kc2 Bf6 27.a4 Ke8 28.h3 Rc5 29.Nf1 Rg5
30.f3 Re5 31.Rxe5 Bxe5 32.Kd3 f5 33.g4 Bf4 34.Ne3 Ke7 35.b4 hxg4 36.hxg4 Bxe3
37.Kxe3 e5 38.gxf5 gxf5 39.a5  1/2-1/2

[Event "Dubai op"]
[Site "Dubai"]
[Date "1999.05.01"]
[Round "1"]
[White "Karimov, H."]
[Black "Arkhipov, Sergey"]
[Result "0-1"]
[WhiteElo "2131"]
[BlackElo "2518"]

1.e4 c5 2.c3 Nf6 3.e5 Nd5 4.Nf3 e6 5.d4 cxd4 6.cxd4 b6 7.Nc3 Nxc3 8.bxc3 Qc7
9.Bd2 Bb7 10.Bd3 d6 11.exd6 Bxd6 12.Qe2 Nd7 13.Ng5 Nf6 14.Bb5+ Bc6 15.Ne4 Nxe4
16.Qxe4 Rc8 17.Bxc6+ Qxc6 18.Qg4 O-O 19.O-O Rfe8 20.h4 Qd5 21.h5 g6 22.hxg6 hxg6
23.Rfe1 Kg7 24.Qe4 Qxe4 25.Rxe4 Rh8 26.g3 Rh5 27.Kg2 Rc4 28.Re2 b5 29.Rb1 a6
30.Rb3 Kf6 31.Kf3 Ke7 32.Ke3 Kd7 33.Kd3 Kc6 34.Bc1 Ra4 35.Be3 Bc7 36.Bf4 Bxf4
37.gxf4 Rc4 38.f3 Kd6 39.Rg2 Ke7 40.Rbb2 Kf6  0-1

[Event "Capablanca mem Elite"]
[Site "Havana"]
[Date "1999.05.07"]
[Round "1"]
[White "Godena, Michele"]
[Black "Atalik, Suat"]
[Result "0-1"]
[WhiteElo "2552"]
[BlackElo "2593"]

1.e4 c5 2.c3 Nf6 3.e5 Nd5 4.Nf3 Nc6 5.d4 cxd4 6.cxd4 d6 7.Bc4 Nb6 8.Bb5 dxe5
9.Nxe5 Bd7 10.Nxd7 Qxd7 11.Nc3 Rd8 12.Qf3 a6 13.Bxc6 Qxc6 14.Qxc6+ bxc6 15.Be3 e6
16.Ke2 Be7 17.Rac1 Kd7 18.Rc2 Ra8 19.Rhc1 Rhc8 20.Ne4 a5 21.Nd2 Nd5 22.Nc4 f6
23.Bd2 a4 24.Na5 Ra6 25.Rc4 Bd8 26.Rxa4 Rca8 27.b4 Nxb4 28.Rxb4 Bxa5 29.Rb7+ Bc7
30.Bf4 Rxa2+ 31.Kf3 R8a3+ 32.Be3 f5 33.g3 g5 34.Re1 Kc8 35.Rxc7+ Kxc7 36.h4 h6
37.hxg5 hxg5 38.Rh1 Kd6 39.Rh8 g4+ 40.Kf4 Rxf2+ 41.Bxf2 Rf3+ 42.Kg5 Rxf2
43.Rd8+ Ke7 44.Rc8 Kd7 45.Ra8 Rf3  0-1

[Event "ISR-chT"]
[Site "Israel"]
[Date "1999.05.08"]
[Round "11"]
[White "Finkel, Alexander"]
[Black "Kaganskiy, Gleb"]
[Result "0-1"]
[WhiteElo "2456"]
[BlackElo "2292"]

1.e4 c5 2.c3 Nf6 3.e5 Nd5 4.g3 d6 5.exd6 Qxd6 6.Bg2 Nc6 7.Ne2 Bg4 8.h3 Bxe2
9.Qxe2 e6 10.O-O Be7 11.d3 O-O 12.Nd2 Rfd8 13.Nf3 Rd7 14.Rd1 Bf6 15.Ng5 Qe5
16.Qg4 Rad8 17.h4 Qc7 18.Qe4 g6 19.h5 Bg7 20.hxg6 hxg6 21.Bh3 Nf6 22.Qe2 Ne5
23.Bf4 Nh5 24.Bxe5 Bxe5 25.Bxe6 fxe6 26.Re1 Bxg3 27.Qxe6+ Kg7 28.Qe3 Bh2+
29.Kh1 Bf4 30.Ne6+ Kh7 31.Qf3 Qb8 32.Nxd8 Qxd8 33.Qg4 Rxd3 34.Re6 Qd5+ 35.Kg1 Qg5
36.Qxg5 Bxg5 37.Re5 Bd8 38.Rxc5 Rd2 39.Rc4 Bb6 40.Rf1 Rxb2  0-1

[Event "Capablanca mem Mixto"]
[Site "Havana"]
[Date "1999.05.12"]
[Round "5"]
[White "Fandino, Roquelina"]
[Black "Almeida, Omar"]
[Result "0-1"]
[WhiteElo "2187"]
[BlackElo "2344"]

1.e4 c5 2.c3 Nf6 3.e5 Nd5 4.d4 cxd4 5.Nf3 Nc6 6.cxd4 d6 7.exd6 Qxd6 8.Nc3 Bg4
9.Be2 e6 10.O-O Be7 11.h3 Bh5 12.Be3 O-O 13.Nxd5 Qxd5 14.Qb3 Qxb3 15.axb3 Rfd8
16.Rfd1 a6 17.g4 Bg6 18.Ne5 Be4 19.Nxc6 Bxc6 20.Rdc1 Rac8 21.Bf1 Bf6 22.Bg2 Bxg2
23.Kxg2 g6 24.Rxc8 Rxc8 25.Kf3 Rc2 26.Rb1 Bh4 27.Ke4 Bxf2 28.Kd3 Bxe3 29.Kxc2 Bxd4
30.Kd3 e5 31.Ke4 h6 32.b4 Kg7 33.b3 Kf6 34.h4 Ke6 35.Rf1 f6 36.h5 gxh5 37.gxh5 Bc3
38.b5 axb5 39.Rg1 Bd2 40.Rg7 b4 41.Rxb7 f5+ 42.Kd3 Bc3 43.Rb6+ Kd5 44.Rxh6 e4+
45.Ke2 f4 46.Rh7 Ke6 47.Rh6+ Kf5 48.Rh7 Bd4 49.Re7 f3+ 50.Kf1 e3 51.h6 Kf6
52.Re4 e2+ 53.Ke1 Bc3+ 54.Kf2 Kg6  0-1

[Event "Zalakaros Kupa 18th"]
[Site "Zalakaros"]
[Date "1999.05.12"]
[Round "1"]
[White "Plecsko, Zoltan"]
[Black "Sax, Gyula"]
[Result "0-1"]
[WhiteElo "2163"]
[BlackElo "2524"]

1.e4 c5 2.c3 Nf6 3.e5 Nd5 4.d4 cxd4 5.cxd4 e6 6.Nf3 b6 7.Nc3 Bb7 8.Bd3 Nxc3
9.bxc3 d6 10.O-O Nd7 11.Re1 Qc7 12.Bd2 dxe5 13.Nxe5 Nxe5 14.Rxe5 Bd6 15.Bb5+ Ke7
16.Rh5 g6 17.Rh6 Kf6 18.Qg4 Kg7 19.Re1 a6 20.Bd3 Rae8 21.c4 f5 22.Qh4 Be7
23.Bg5 Bxg5 24.Qxg5 Qd8 25.Qe3 e5 26.dxe5 f4 27.Qxf4 Qxd3 28.Rh3 Qf5 29.Qh6+ Kg8
30.f4 Kf7 31.Qh4 Bc8 32.Rd1 h5 33.Rhd3 Re6 34.h3 g5 35.fxg5 Qxe5 36.g6+ Kg7
37.Rd8 Rxd8 38.Qxd8 Qc5+ 39.Kh1 Rxg6 40.Rf1 Be6 41.Qd2 Qc6 42.Rf2 Qc7 43.Qc3+ Kh7
44.Qf3 Qc5 45.Qb7+ Kh6 46.Qf3 Bxc4  0-1

[Event "VCN SchaakFestival"]
[Site "Soest"]
[Date "1999.05.16"]
[Round "7"]
[White "Van Wessel, Rudy"]
[Black "Van den Nieuwendijk, Marco"]
[Result "1-0"]
[WhiteElo "2325"]
[BlackElo "1988"]

1.e4 c5 2.c3 Nf6 3.e5 Nd5 4.d4 cxd4 5.Nf3 e6 6.cxd4 b6 7.Nc3 Nxc3 8.bxc3 Qc7
9.Bd2 Bb7 10.Bd3 Be7 11.O-O d6 12.Re1 Nd7 13.Bf4 O-O 14.Rc1 Bxf3 15.Qxf3 g6
16.exd6 Bxd6 17.Bh6 Rfd8 18.h4 Re8 19.h5 e5 20.Bb5 exd4 21.Bxd7 Qxd7 22.Qf6 Bf8
23.Bxf8 Rxe1+ 24.Rxe1 Rxf8 25.h6  1-0

[Event "Capablanca mem Mixto"]
[Site "Havana"]
[Date "1999.05.17"]
[Round "9"]
[White "Fandino, Roquelina"]
[Black "Alvarez, Jose"]
[Result "0-1"]
[WhiteElo "2187"]
[BlackElo "2368"]

1.e4 c5 2.c3 Nf6 3.e5 Nd5 4.d4 cxd4 5.Nf3 e6 6.cxd4 b6 7.Nc3 Bb7 8.Be2 Nxc3
9.bxc3 Qc7 10.Bd2 d6 11.O-O Nd7 12.Re1 dxe5 13.Nxe5 Nxe5 14.dxe5 O-O-O 15.Qc1 Bc5
16.Bf1 h6 17.a4 Rd5 18.a5 Rxe5 19.Rxe5 Qxe5 20.Bf4 Qe4 21.axb6 axb6 22.Bg3 g5
23.Qd1 Rd8 24.Qe1 Qxe1 25.Rxe1 Rd2 26.Be2 f6 27.h4 e5 28.Bg4+ Kc7 29.hxg5 hxg5
30.Rd1 Rxd1+ 31.Bxd1 Ba6 32.Kh2 Kd6 33.Bb3 Bd3 34.f3 Be3 35.Be1 f5 36.Ba2 f4
37.Bb3 Kc5 38.Bf7 Bf5 39.Bb3 g4 40.Ba2 g3+ 41.Kh1 Bd3 42.Bf7 Kd6 43.Bg8 Kc6
44.Bf7 Kc5 45.Bg8 Kb5 46.Be6 Bc4 47.Bd7+ Ka5 48.Bc6 b5 49.Be8 Ka4 50.Bc6 Kb3
51.Bxb5 Bxb5 52.c4 Kxc4 53.Bc3 Bd4 54.Bd2 Bc3 55.Bc1 Kd3 56.Ba3 Ke2 57.Bd6 Bc6
58.Bc7 Bxf3 59.Bb6 Kf1 60.gxf3 Bd4 61.Bxd4 g2+ 62.Kh2 exd4  0-1

[Event "Capablanca mem Premier II"]
[Site "Havana"]
[Date "1999.05.18"]
[Round "10"]
[White "Narciso Dublan, Marc"]
[Black "Garcia Martinez, Silvino"]
[Result "0-1"]
[WhiteElo "2469"]
[BlackElo "2420"]

1.e4 c5 2.c3 Nf6 3.e5 Nd5 4.d4 cxd4 5.Nf3 e6 6.cxd4 b6 7.Nc3 Nxc3 8.bxc3 Qc7
9.Bd2 d6 10.Bd3 Nd7 11.O-O dxe5 12.Qa4 Bd6 13.dxe5 Be7 14.Qg4 Bb7 15.Nd4 O-O-O
16.f4 Nc5 17.Be2 Ne4 18.Be1 h5 19.Qh3 g5 20.Qe3 gxf4 21.Qxf4 Rdg8 22.Rf3 Ng5
23.Rg3 h4 24.Rg4 f5 25.Nxe6 Qc6 26.Nxg5 fxg4 27.Bxg4+ Kb8 28.Nf3 h3 29.Bf2 Qe4
30.Qxe4 Bxe4  0-1

[Event "Capablanca mem Premier II"]
[Site "Havana"]
[Date "1999.05.18"]
[Round "10"]
[White "Perez, Luis Manuel"]
[Black "Gongora, Maikel"]
[Result "1-0"]
[WhiteElo "2402"]
[BlackElo "2427"]

1.e4 c5 2.c3 Nf6 3.e5 Nd5 4.d4 cxd4 5.Nf3 e6 6.cxd4 b6 7.Bd3 Bb7 8.Nc3 Be7
9.Qe2 d6 10.a3 Nd7 11.exd6 Bxd6 12.Ne4 Be7 13.Neg5 g6 14.h4 Rc8 15.Bd2 N5f6
16.Nxf7 Kxf7 17.Ng5+ Ke8 18.Nxe6  1-0